Entre pétalo y espina / (Registro nro. 14432)
[ vista simple ]
| 000 -LIDER | |
|---|---|
| fixed length control field | 00746nam a2200241 a 4500 |
| 001 - NÚMERO DE CONTROL | |
| Identificador de número de control | 000014661 |
| 003 - IDENTIFICACDOR DE NÚMERO DE CONTROL | |
| control field | DO-SdBNP |
| 005 - DATE AND TIME OF LATEST TRANSACTION | |
| control field | 20230719101750.0 |
| 008 - ELEMENTOS DE LONGITUD FIJA | |
| fixed length control field | 100118s2007 dr 000 p spa d |
| 020 ## - ISBN | |
| International Standard Book Number | 9945978420166 |
| 040 ## - FUENTE DE CATALOGACIÓN | |
| Agencia que crea de manera original el registro | DO-SdBNP |
| Idioma de catalogación | spa |
| Agencia que realiza la transcripción | BPMSU |
| 082 ## - NÚMERO DE CLASIFICACIÓN DECIMAL DE DEWEY | |
| Classification number | RD861.44 |
| Item number | M971e |
| Edition number | 22 |
| 100 1# - ASIENTO PRINCIPAL -- NOMBRE PERSONAL | |
| Nombre personal | Muñoz, Orlando |
| Fechas asociadas con el nombre | 1972- |
| 245 10 - MENCIÓN DE TITULO | |
| Título | Entre pétalo y espina / |
| Mención de responsabilidad | Orlando Peña. |
| 260 ## - PUBLICACIÓN, DISTRIBUCIÓN, ETC. (PIE DE IMPRENTA) | |
| Lugar de publicación, distribución, etc | Santo Domingo : |
| Nombre del editor, distribuidor, etc. | Angeles de Fierro; |
| -- | Editora Nacional, |
| Fecha de publicación, distribución, etc | 2007. |
| 300 ## - DESCRIPCIÓN FÍSICA | |
| Extensión | 80 p. ; |
| Dimensiones | 17 cm. |
| 500 ## - NOTA GENERAL | |
| Nota general | Incluye datos biográficos del autor en la solapade la cubierta |
| 590 ## - NOTA LOCAL | |
| Enlace | Inventariado, 2023/VM |
| 650 #4 - ENCABEZAMIENTO DE MATERIA--TEMÁTICO | |
| Término temático o nombre geográfico como elemento de entrada | Poesía dominicana |
| 650 #4 - ENCABEZAMIENTO DE MATERIA--TEMÁTICO | |
| Término temático o nombre geográfico como elemento de entrada | Literatura dominicana. |
| 910 ## - VALIDACIÓN | |
| Validación | VMateo V. Control de calidad BPMSU |
| 942 ## - ADDED ENTRY ELEMENTS (KOHA) | |
| Source of classification or shelving scheme | Dewey Decimal Classification |
| Koha item type | Libros |
| Withdrawn status | Lost status | Source of classification or shelving scheme | Damaged status | Not for loan | Collection code | Home library | Current library | Date acquired | Total Checkouts | Full call number | Barcode | Date last seen | Price effective from | Koha item type |
|---|---|---|---|---|---|---|---|---|---|---|---|---|---|---|
| Dewey Decimal Classification | Colección Dominicana | Biblioteca Pública Metropolitana Salomé Ureña | Biblioteca Pública Metropolitana Salomé Ureña | 07/19/2023 | BPMSU CD RD861.44 M971e | BPMSU23070044 | 07/19/2023 | 07/19/2023 | Libros |